000 00365nam a2200157 a 4500
082 0 0 _a296.1
_bDAN
100 _aDanby, Herbert
245 _aTractate Sanhedrin
260 _aLondon
_bMacmillan Press
_c1919
300 _a148p
500 _aincludes index and biblioraphy
505 2 _aIndex
650 _aJudaism-Sources
700 1 _aDanby, Herbert
942 _cBK
999 _c2308
_d2308